Other colours : (Record no. 53276)
[ view plain ]
| 000 -LEADER | |
|---|---|
| fixed length control field | 00894nam a2200277 a 4500 |
| 001 - CONTROL NUMBER | |
| control field | 53276 |
| 003 - CONTROL NUMBER IDENTIFIER | |
| rucl marc code | BD-RjUL |
| 005 - DATE AND TIME OF LATEST TRANSACTION | |
| control field | 20211209075934.0 |
| 008 - FIXED-LENGTH DATA ELEMENTS--GENERAL INFORMATION | |
| fixed length control field | 161004s2007 enka 001 0deng |
| 020 ## - INTERNATIONAL STANDARD BOOK NUMBER | |
| International Standard Book Number | 0571236863 (hard) |
| International Standard Book Number | 9780571237647 |
| 035 ## - SYSTEM CONTROL NUMBER | |
| System control number | (OCoLC)ocn153556070 |
| -- | (BD-RjUL)53396 |
| 040 ## - CATALOGING SOURCE | |
| Original cataloging agency | UKM |
| Transcribing agency | UKM |
| Modifying agency | BTCTA |
| -- | YDXCP |
| -- | HKP |
| -- | DLC |
| -- | BD-RjUL |
| Language of cataloging | eng |
| 041 1# - LANGUAGE CODE | |
| Language code of text/sound track or separate title | eng |
| Language code of original | tur |
| 082 04 - DEWEY DECIMAL CLASSIFICATION NUMBER | |
| Edition number | 23 |
| Classification number | 894.3533 |
| Author mark and year | PAO 2007 |
| 100 1# - MAIN ENTRY--PERSONAL NAME | |
| Personal name | Pamuk, Orhan, |
| Dates associated with a name | 1952- |
| 9 (RLIN) | 159248 |
| 245 10 - TITLE STATEMENT | |
| Title | Other colours : |
| Remainder of title | essays and a story / |
| Statement of responsibility, etc. | Orhan Pamuk ; translated from the Turkish by Maureen Freely. |
| 260 ## - PUBLICATION, DISTRIBUTION, ETC. (IMPRINT) | |
| Place of publication, distribution, etc. | London : |
| Name of publisher, distributor, etc. | Faber and Faber, |
| Date of publication, distribution, etc. | 2007. |
| 300 ## - PHYSICAL DESCRIPTION | |
| Pagination | xi, 433 p. : |
| Illustrations | ill. ; |
| Size | 25 cm. |
| 500 ## - GENERAL NOTE | |
| General note | Includes index. |
| 600 10 - SUBJECT ADDED ENTRY--PERSONAL NAME | |
| Personal name | Pamuk, Orhan, |
| Dates associated with a name | 1952- |
| 700 1# - ADDED ENTRY--PERSONAL NAME | |
| Personal name | Freely, Maureen, |
| Dates associated with a name | 1952- |
| 942 ## - ADDED ENTRY ELEMENTS (KOHA) | |
| Source of classification or shelving scheme | Dewey Decimal Classification |
| Koha item type | Books |
| Lost status | Source of classification or shelving scheme | Damaged status | Not for loan | Collection code | Permanent Location | Current Location | Shelving location | Date acquired | Source of acquisition | Cost, normal purchase price | Total Checkouts | Full call number | Date last seen | Date checked out | Copy number | Koha item type |
|---|---|---|---|---|---|---|---|---|---|---|---|---|---|---|---|---|
| Dewey Decimal Classification | Non-fiction | Central Library, University of Rajshahi | Central Library, University of Rajshahi | 09/03/2011 | Dhaka, paragon enterprices ltd. | 12.99 | 1 | 894.3533 PAO 2007 | 15/03/2020 | 26/02/2020 | C-2 | Books | ||||
| Dewey Decimal Classification | Not For Loan | Non-fiction | Central Library, University of Rajshahi | Central Library, University of Rajshahi | Reading Room | 09/03/2011 | Dhaka, Paragon Enterprises Ltd | 12.99 | 894.3533 PAO 2007 | 23/01/2017 | C-1 | Books |